| 000 -LEADER |
| fixed length control field |
00717nam a2200217Ia 4500 |
| 001 - CONTROL NUMBER |
| control field |
11527 |
| 003 - CONTROL NUMBER IDENTIFIER |
| control field |
GE_BSU |
| 008 - FIXED-LENGTH DATA ELEMENTS--GENERAL INFORMATION |
| fixed length control field |
181216s||||||||xx |||||||||||||| ||und|| |
| 040 ## - CATALOGING SOURCE |
| Transcribing agency |
GE_BSU |
| 080 ## - UNIVERSAL DECIMAL CLASSIFICATION NUMBER |
| Universal Decimal Classification number |
631.4(075.32)+631.4(075.8)+631.8(075.32)+631.8(075.8) |
| 100 ## - MAIN ENTRY--PERSONAL NAME |
| Personal name |
სარიშვილი,ი.ფ;ი.ა.ნაკაიძე. |
| 245 ## - TITLE STATEMENT |
| Title |
აგრონომიული ქიმია. |
| 245 ## - TITLE STATEMENT |
| Statement of responsibility, etc. |
რედ:ი.სარიშვილი. |
| 260 ## - PUBLICATION, DISTRIBUTION, ETC. |
| Place of publication, distribution, etc. |
თბილისი. |
| 260 ## - PUBLICATION, DISTRIBUTION, ETC. |
| Name of publisher, distributor, etc. |
სახელგამი. |
| 260 ## - PUBLICATION, DISTRIBUTION, ETC. |
| Date of publication, distribution, etc. |
1957. |
| 300 ## - PHYSICAL DESCRIPTION |
| Extent |
506გვ;23სმ. |
| 300 ## - PHYSICAL DESCRIPTION |
| Accompanying material |
ცხრილები. |
| 653 ## - INDEX TERM--UNCONTROLLED |
| Uncontrolled term |
აგრონომიული ქიმია. |
| 942 ## - ADDED ENTRY ELEMENTS (KOHA) |
| Koha item type |
წიგნი |